000 00377nam a2200157Ia 4500
008 230524s9999 xx 000 0 und d
082 _a5
_bNAR
100 _aRajesh Narang
245 0 _aObject-Oriented Interfaces and Databases
250 _a1ST
260 _aNEW DELHI
_bPHI
_c2002
300 _aVI;206
500 _aQuantity Number: 2
650 _aComp-Sc
942 _cBK
999 _c36612
_d36612